000 00581nam a22002177a 4500
003 UA-OsUOA
001 100389
007 ta
008 20130528b un ||||| |||| 00| 0 ukr d
090 _a821.161.1
_bТ 53
942 _cBK
040 _aUA-OsUOA
_brus
_cUA-OsUOA
_dUA-OsUOA
245 _aЛев Николаевич Толстой
_cРед. Устюжанинов И.
300 _a78 с.
955 _a3
041 _arus
080 _a821.161.1
260 _aМ.
_c1946
650 7 _a82 Література. Літературознавство
_2UDC
999 _c386713
_d386713